书目信息 |
| 题名: |
主体结构工程质量监控与通病防治图表对照手册
|
|
| 作者: | 吕方全 主编 | |
| 分册: | ||
| 出版信息: | 北京 中国电力出版社 2005.2 |
|
| 页数: | 371页 | |
| 开本: | 26cm | |
| 丛书名: | 建筑工程质量监控与通病防治图表对照手册丛书 | |
| 单 册: | ||
| 中图分类: | TU712 | |
| 科图分类: | ||
| 主题词: | 结构工程--jie gou gong cheng--施工管理--质量管理 , 结构工程--jie gou gong cheng , 施工管理--shi gong guan li , 质量管理--zhi liang guan li | |
| 电子资源: | ||
| ISBN: | 7-5083-3081-1 | |
| 000 | 01538nam0 2200349 450 | |
| 000 | 01557nam0 2200349 450 | |
| 000 | 01520nam0 2200337 450 | |
| 000 | 01503nam0 2200337 450 | |
| 000 | 01466nam0 2200325 45 | |
| 001 | 012005000000 | |
| 005 | 20050908153751.44 | |
| 010 | @a7-5083-3081-1@dCNY48.00 | |
| 100 | @a20050507d2005 em y0chiy0121 ea | |
| 101 | 0 | @achi |
| 102 | @aCN@b110000 | |
| 105 | @afk z 000yy | |
| 200 | 1 | @a主体结构工程质量监控与通病防治图表对照手册@Azhu ti jie gou gong cheng zhi liang jian kong yu tong bing fang zhi tu biao dui zhao shou ce@f吕方全主编 |
| 210 | @a北京@c中国电力出版社@d2005.2 | |
| 215 | @a371页@c图@d26cm | |
| 225 | 2 | @a建筑工程质量监控与通病防治图表对照手册丛书@Ajian zhu gong cheng zhi liang jian kong yu tong bing fang zhi tu biao dui zhao shou ce cong shu |
| 320 | @a有书目 | |
| 330 | @a本书按照现行相关规范和标准,突出砌体工程、混凝土结构工程、钢结构工程、木结构工程以及屋面施工质量监控和质量通病防治的内容,以图表对照为表现形式,分别对以上各分项工程的材料质量要求、施工过程质量监控、质量通病防治等进行了阐述。 | |
| 333 | @a阅读对象:工程质量检验人员、工程质量监督人员及工程技术人员 | |
| 461 | 0 | @12001 @a建筑工程质量监控与通病防治图表对照手册丛书 |
| 606 | 0 | @a结构工程@Ajie gou gong cheng@x施工管理@x质量管理 |
| 606 | 0 | @a结构工程@Ajie gou gong cheng |
| 606 | 0 | @a施工管理@Ashi gong guan li |
| 606 | 0 | @a质量管理@Azhi liang guan li |
| 690 | @aTU712@v4 | |
| 701 | 0 | @a吕方全@Alu^ fang quan@4主编 |
| 801 | 0 | @aCN@bSRXX@c20050908 |
| 905 | @a10447@dTU712@eL890 | |
| 主体结构工程质量监控与通病防治图表对照手册/吕方全主编.-北京:中国电力出版社,2005.2 |
| 371页:图;26cm.-(建筑工程质量监控与通病防治图表对照手册丛书) |
| 使用对象:阅读对象:工程质量检验人员、工程质量监督人员及工程技术人员 |
| ISBN 7-5083-3081-1:CNY48.00 |
| 本书按照现行相关规范和标准,突出砌体工程、混凝土结构工程、钢结构工程、木结构工程以及屋面施工质量监控和质量通病防治的内容,以图表对照为表现形式,分别对以上各分项工程的材料质量要求、施工过程质量监控、质量通病防治等进行了阐述。 |
| ● |
| 相关链接 |
|
|
|
正题名:主体结构工程质量监控与通病防治图表对照手
索取号:TU712/L890
 
预约/预借
| 序号 | 登录号 | 条形码 | 馆藏地/架位号 | 状态 | 备注 |
| 1 | 540971 | 205409716 | 土木与交通工程学院资料室/土木与交通学院资料室 1排1列1层/ [索取号:TU712/L890] | 在馆 | |
| 2 | 540972 | 205409725 | 建筑库201/201建筑库 20排2列2层/ [索取号:TU712/L890] | 在馆 | |
| 3 | 540973 | 205409734 | 建筑库201/201建筑库 20排2列2层/ [索取号:TU712/L890] | 在馆 |